000 00927cam a2200289 a 4500
001 4483047
003 ARRUPE
005 20140205105556.0
008 940627s1994 nyu b 000 0 eng
010 _a94002720
020 _a080913473X :
035 _a(OCoLC)29668770
035 _a(OCoLC)ocm29668770
035 _a(NNC)4483047
040 _aDLC
_cDLC
_dDLC
_dNNUT
050 0 0 _aBT380.2
_b.C35 1994
090 _aBT380.2
_b.C35 1994
100 1 _aCarter, Warren,
_d1955-
_97940
245 1 0 _aWhat are they saying about Matthew's Sermon on the mount? /
_cWarren Carter.
260 _aNew York :
_bPaulist Press,
_cc1994.
300 _avi, 136 p. ;
_c21 cm.
504 _aIncludes bibliographical references (p. 130-136).
630 0 0 _aSermon on the mount
_xCriticism, interpretation, etc.
_xHistory.
_97941
630 0 0 _aSermon on the mount
_xCriticism, Redaction.
_97942
942 _2lcc
_cMONOGRAPH
999 _c119938
_d119938